000 00493nam a2200145Ia 4500
008 100122s9999 xx 000 0 und d
082 _b29487
_a320
100 _aKAPLAN M A
245 _aISOLATION OR INTERDEPENDENCE? TODAYS CHOICES FOR TOMORROWS WORLD
260 _bDREAMLAND PUBLICATIONS
_c1905
300 _a254
630 _aISOLATION OR INTERDEPENDENCE? TODAYS CHOICES FOR TOMORROWS WORLD
730 _aISOLATION OR INTERDEPENDENCE? TODAYS CHOICES FOR TOMORROWS WORLD
942 _cBOOK
999 _c369346
_d369343